000 01089nam a2200241 i 4500
001 166980
003 ES-MaACL
005 20250801210728.0
008 010103s1887 sp aef |||| | spa d
040 _aCCPB | B
_bspa
_cCCPB | B
100 1 _aValverde y Álvarez, Emilio,
_d1848-1894
_9133538
245 1 0 _aGuía de Extremadura, Baleares, Canarias y posesiones de Africa
_b: provincias de Badajoz, Cáceres, Baleares y Canarias : guía de Portugal : viaje geográfico, artístico y pintoresco /
_cEmilio Valverde y Álvarez.
260 _aMadrid :
_b[s.n.],
_c1887 (
_fimprenta de Fernando Cao y Domingo de Val)
300 _aP. 749-1003, [6] h. de plan. pleg., [4] h. de grab. :
_bil. ;
_c19 cm.
490 1 _aGuía práctico Valverde
651 4 _aExtremadura-
_vGuías.
_9137145
651 4 _aIslas Baleares-
_vGuías.
_9137232
651 4 _aCanarias-
_vGuías turísticas.
_97948
651 4 _aPortugal-
_vGuías.
_99247
830 0 0 _aGuía práctico Valverde
_9188633
852 _aES-MaACL
_jC-281
_z-- Enc. hol. conservando la cub. original
999 _c166980
_d166980